Loading...

Development planning and structural inequalities: the response of the underprivileged

Bibliographic Details
Main Author: D'Souza, Victor S
Format: Printed Book
Language:Undetermined
Published: New Delhi Sage publications 1990
LEADER 00589nam a2200145Ia 4500
008 161229s9999 xx 000 0 und d
020 |a 0803996640 
082 |a 330.1 DSO/DE 
100 |a D'Souza, Victor S 
245 |a Development planning and structural inequalities: the response of the underprivileged 
260 |b Sage publications  |a New Delhi  |c 1990 
300 |a 208 
942 |c BK 
999 |c 153027  |d 153027 
952 |0 0  |1 0  |4 0  |6 330_100000000000000_DSODE  |7 0  |9 152094  |a KAUCLV  |b KAUCLV  |d 2016-12-29  |g 195.00  |o 330.1 DSO/DE  |p 904336  |r 2016-12-29  |w 2016-12-29  |y BK  |z Book transferred from CCBM Library ,Acc.No:2588